MARC

LEADER 00000nam0a2200000 4500
001 80311
005 20231101213114.0
010 |a 506000645X 
020 |a RU  |b 90-60683 
035 |a (RuTPU)RU\TPU\book\86321 
090 |a 80311 
100 |a 20050903d1990 m y0rusy5003 ca 
101 0 |a rus 
102 |a RU 
105 |a a j 011zy 
200 1 |a Биотехнология. Кинетические основы микробиологических процессов  |e учебное пособие   |f С. Д. Варфоломеев, С. В. Калюжный 
210 |a Москва  |c Высшая школа  |d 1990 
215 |a 294,[2] с.  |c ил.  |d 22 см 
320 |a Библиогр.: с. 291-292 
320 |a Предм. указ.: с. 293-295 
606 1 |a Биотехнология  |2 stltpush  |3 (RuTPU)RU\TPU\subj\28764  |9 52257 
610 1 |a биотехнология 
610 1 |a микробиологические процессы 
610 1 |a кинетика 
610 1 |a микроорганизмы 
610 1 |a ЭВМ 
610 1 |a результаты 
610 1 |a учебные пособия 
610 1 |a библиотека А. Г. Стромберга 
610 1 |a обработка 
675 |a 60(075.8)  |v 3 
675 |a 579(075.8)  |v 3 
700 1 |a Варфоломеев  |b С. Д.  |g Сергей Дмитриевич  |4 070 
701 1 |a Калюжный  |b С. В.  |g Сергей Владимирович  |4 070 
801 0 |a RU  |b RuMRKP  |c 19950417  |g psbo 
801 1 |a RU  |b 63413507  |c 20050903  |g PSBO 
801 2 |a RU  |b 63413507  |c 20220729  |g PSBO 
900 |a Теоретические основы биотехнологии 
900 |a Основы биотехнологии 
900 |a Основы микробиологии и биотехнологии 
942 |c BK